[Event "DEM U18w 2004"]
[Site "Willingen GER"]
[Date "2004.06.01"]
[Round "4"]
[White "Salden, Franziska"]
[Black "Schulze, Dorothee"]
[Result "0-1"]
[Termination "normal"]
[Board "12"]
[WhiteElo "1637"]
[BlackElo "1667"]
[PlyCount "62"]
[WhiteFideId "24601268"]
[BlackFideId "24609498"]
[EventCountry "GER"]
[EventRounds "9"]
[EventType "swiss"]
[EventDate "2004.05.29"]

1. e4 c5 2. Nf3 d6 3. d4 cxd4 4. Nxd4 Nf6 5. Nc3 g6 6. Be3 Bg7 7. f3 O-O 8. Bc4
Nc6 9. Qd2 Bd7 10. O-O-O Rc8 11. Bb3 Ne5 12. Kb1 Nc4 13. Bxc4 Rxc4 14. h4 h5
15. Rhg1 a6 16. Nd5 Nxd5 17. exd5 Qc7 18. g4 hxg4 19. fxg4 Rc8 20. Rc1 b5 21.
Bf2 a5 22. h5 a4 23. hxg6 fxg6 24. Qg5 a3 25. Qxg6 Rb4 26. Nb3 Be8 27. Qd3 axb2
28. Rcf1 Qc4 29. Qxc4 Rbxc4 30. Bh4 Bg6 31. Rf2 Rxc2 0-1

[Event "DEM U18w 2004"]
[Site "Willingen GER"]
[Date "2004.06.01"]
[Round "4"]
[White "Buncke, Johanna"]
[Black "Ströhle, Kathrin"]
[Result "1/2-1/2"]
[Termination "normal"]
[Board "13"]
[WhiteElo "1544"]
[BlackElo "1691"]
[PlyCount "82"]
[BlackFideId "4633881"]
[EventCountry "GER"]
[EventRounds "9"]
[EventType "swiss"]
[EventDate "2004.05.29"]

1. e4 e5 2. Nf3 Nc6 3. d4 exd4 4. Nxd4 Bc5 5. Be3 Qf6 6. c3 Nge7 7. Bc4 Ne5 8.
Be2 Qg6 9. O-O d6 10. f4 Ng4 11. f5 Nxe3 12. fxg6 Nxd1 13. gxf7+ Kf8 14. Rxd1
Kxf7 15. Nd2 Nc6 16. N2f3 h6 17. Rd2 Re8 18. Bc4+ Be6 19. Bxe6+ Rxe6 20. Re1
Kg8 21. b4 Bb6 22. a4 Rae8 23. Rde2 d5 24. e5 Bxd4+ 25. Nxd4 Rxe5 26. Rxe5 Rxe5
27. Rxe5 Nxe5 28. Nb5 c6 29. Nxa7 Kf7 30. Kf1 Ke6 31. Ke2 Kd7 32. b5 Nc4 33.
Kd3 Kc7 34. Kd4 Nb6 35. a5 Nc4 36. a6 bxa6 37. Nxc6 axb5 38. Nb4 Kd6 39. Nxd5
Ne5 40. Nf4 g6 41. Ne2 Ng4 1/2-1/2

[Event "DEM U18w 2004"]
[Site "Willingen GER"]
[Date "2004.06.01"]
[Round "4"]
[White "Hauser, Anna"]
[Black "Schmidt, Jade"]
[Result "1/2-1/2"]
[Termination "normal"]
[Board "14"]
[WhiteElo "1454"]
[BlackElo "1699"]
[PlyCount "70"]
[EventCountry "GER"]
[EventRounds "9"]
[EventType "swiss"]
[EventDate "2004.05.29"]

1. d4 e6 2. Nf3 c5 3. c3 Nf6 4. Bf4 Qb6 5. Qc1 cxd4 6. cxd4 Nc6 7. e3 Bb4+ 8.
Nc3 Nd5 9. Bg3 Qa5 10. a3 Bxc3+ 11. bxc3 Qxc3+ 12. Qxc3 Nxc3 13. Bd6 Ne4 14.
Bf4 Ke7 15. Bd3 Nf6 16. h3 b6 17. O-O Bb7 18. Rfc1 Rac8 19. Rc2 Na5 20. Rac1
Rxc2 21. Rxc2 Rc8 22. Rxc8 Bxc8 23. Bb8 Nc6 24. Bf4 d6 25. Ng5 h6 26. Ne4 e5
27. Nxf6 Kxf6 28. dxe5+ dxe5 29. Bg3 Be6 30. f3 Na5 31. Be1 Bb3 32. Bb4 Nb7 33.
e4 Nc5 34. Be2 Ke6 35. Kf2 Kd6 1/2-1/2

[Event "DEM U18w 2004"]
[Site "Willingen GER"]
[Date "2004.06.01"]
[Round "5"]
[White "Schöne, Maria"]
[Black "Romakin, Helene"]
[Result "1/2-1/2"]
[Termination "normal"]
[Board "1"]
[WhiteElo "2037"]
[BlackElo "2061"]
[PlyCount "51"]
[WhiteFideId "4681410"]
[BlackFideId "24605964"]
[EventCountry "GER"]
[EventRounds "9"]
[EventType "swiss"]
[EventDate "2004.05.29"]

1. e4 c5 2. Nf3 d6 3. d4 cxd4 4. Nxd4 Nf6 5. Nc3 g6 6. Be3 Bg7 7. f3 O-O 8. Qd2
Nc6 9. Bc4 Nd7 10. h4 Nb6 11. Bb3 Na5 12. h5 Nbc4 13. Qe2 Nxb3 14. axb3 Nxe3
15. Qxe3 Bd7 16. O-O-O a5 17. hxg6 fxg6 18. f4 e5 19. fxe5 Bxe5 20. Nd5 a4 21.
Qh6 Rf7 22. Rdf1 Qf8 23. Qxf8+ Raxf8 24. Rxf7 Rxf7 25. bxa4 Bxa4 26. Nf3
1/2-1/2

[Event "DEM U18w 2004"]
[Site "Willingen GER"]
[Date "2004.06.01"]
[Round "5"]
[White "Schulz, Stefanie"]
[Black "Janotta, Steffi"]
[Result "1-0"]
[Termination "normal"]
[Board "2"]
[WhiteElo "2079"]
[BlackElo "1929"]
[PlyCount "117"]
[WhiteFideId "4693060"]
[BlackFideId "4696344"]
[EventCountry "GER"]
[EventRounds "9"]
[EventType "swiss"]
[EventDate "2004.05.29"]

1. c4 e5 2. Nc3 Nc6 3. g3 g6 4. Bg2 Bg7 5. d3 d6 6. e4 f5 7. Nge2 Nf6 8. O-O
O-O 9. h3 h6 10. Be3 g5 11. exf5 Bxf5 12. d4 Qd7 13. Kh2 Qf7 14. Nd5 Qh5 15.
Nxf6+ Bxf6 16. d5 Ne7 17. Nc3 g4 18. Rh1 Bg5 19. Bxg5 Qxg5 20. hxg4 Bxg4 21. f3
Bf5 22. Qc1 Kf7 23. Qxg5 hxg5 24. Bh3 Bxh3 25. Kxh3 Nf5 26. Kg2 Kg6 27. b3 Nd4
28. Raf1 Rf7 29. Ne4 Raf8 30. Nd2 a5 31. g4 Nc2 32. Kg3 Rf4 33. Rf2 Nd4 34.
Rfh2 Rg8 35. Rh7 Rg7 36. R1h6+ Kf7 37. Rh5 Ne2+ 38. Kf2 Nc3 39. a4 e4 40. Rxg7+
Kxg7 41. Rxg5+ Kf6 42. Rg8 exf3 43. Ke3 Kf7 44. Kxf4 Kxg8 45. Nxf3 c6 46. dxc6
bxc6 47. Nd4 d5 48. Nxc6 dxc4 49. bxc4 Nxa4 50. Nxa5 Nc5 51. Kf5 Kf7 52. g5 Kg7
53. Nc6 Nb7 54. Ne5 Nd6+ 55. Kf4 Nb7 56. Nd7 Kg6 57. c5 Nd8 58. Ne5+ Kg7 59.
Kf5 1-0

[Event "DEM U18w 2004"]
[Site "Willingen GER"]
[Date "2004.06.01"]
[Round "5"]
[White "Beltz, Franziska"]
[Black "Zhang, Fan"]
[Result "1-0"]
[Termination "normal"]
[Board "3"]
[WhiteElo "2028"]
[BlackElo "1860"]
[PlyCount "75"]
[WhiteFideId "4681401"]
[BlackFideId "24609730"]
[EventCountry "GER"]
[EventRounds "9"]
[EventType "swiss"]
[EventDate "2004.05.29"]

1. e4 e6 2. d3 d5 3. Nd2 Nf6 4. Ngf3 c5 5. g3 Nc6 6. Bg2 Be7 7. O-O O-O 8. e5
Nd7 9. Re1 b5 10. c3 a5 11. Nf1 Ba6 12. h4 b4 13. N1h2 Rb8 14. Ng4 bxc3 15.
bxc3 Rb6 16. h5 f5 17. exf6 Nxf6 18. Ng5 Bc8 19. Nxe6 Bxe6 20. Rxe6 Qd7 21. Bh3
Qb7 22. Ba3 d4 23. c4 Nb4 24. Qe2 Bd8 25. Re1 Rxe6 26. Qxe6+ Kh8 27. Nxf6 Bxf6
28. Bg2 Qc8 29. Qe2 Qd7 30. Bc1 Qa4 31. a3 Na6 32. Qe6 Nb8 33. Qd6 Rc8 34. h6
Qc2 35. hxg7+ Bxg7 36. Be4 Rf8 37. Bf4 Qc3 38. Rb1 1-0

[Event "DEM U18w 2004"]
[Site "Willingen GER"]
[Date "2004.06.01"]
[Round "5"]
[White "Wolk, Friederike"]
[Black "Dietzen, Corinna"]
[Result "1/2-1/2"]
[Termination "normal"]
[Board "4"]
[WhiteElo "1992"]
[BlackElo "1775"]
[PlyCount "56"]
[WhiteFideId "4693400"]
[BlackFideId "24621021"]
[EventCountry "GER"]
[EventRounds "9"]
[EventType "swiss"]
[EventDate "2004.05.29"]

1. e4 c5 2. Nc3 e6 3. g3 d5 4. exd5 exd5 5. Bg2 Nf6 6. Nge2 Be7 7. d4 c4 8. O-O
Na6 9. Bf4 O-O 10. Be5 Be6 11. Nf4 Nb4 12. Re1 Qd7 13. Nxe6 fxe6 14. Bh3 Rae8
15. Qd2 Nc6 16. Re2 Bb4 17. Bxf6 Rxf6 18. Rae1 Bxc3 19. Qxc3 Nd8 20. f4 g6 21.
Re3 Nf7 22. Qd2 Nd6 23. Re5 Nf7 24. R5e2 Nd6 25. Qa5 Nb5 26. c3 b6 27. Qa4 Qc6
28. Qc2 Nc7 1/2-1/2

[Event "DEM U18w 2004"]
[Site "Willingen GER"]
[Date "2004.06.01"]
[Round "5"]
[White "Müller, Thea-Lina"]
[Black "Helmbold, Irene"]
[Result "0-1"]
[Termination "normal"]
[Board "6"]
[WhiteElo "1667"]
[BlackElo "1990"]
[PlyCount "54"]
[WhiteFideId "24604054"]
[BlackFideId "24600873"]
[EventCountry "GER"]
[EventRounds "9"]
[EventType "swiss"]
[EventDate "2004.05.29"]

1. d4 Nf6 2. Nc3 g6 3. e4 d6 4. f3 Bg7 5. Be3 O-O 6. Qd2 e5 7. O-O-O exd4 8.
Bxd4 Nc6 9. Be3 a6 10. g4 b5 11. Bh6 Be6 12. Kb1 Ne5 13. Bxg7 Kxg7 14. h4 Nc4
15. Qf2 Qe7 16. Nge2 b4 17. Nd5 Bxd5 18. exd5 Ne3 19. Rd4 Rfe8 20. Rxb4 Nexd5
21. Rb3 a5 22. g5 Nd7 23. Qd4+ Qe5 24. Bg2 Qxd4 25. Nxd4 Nf4 26. Nb5 Rac8 27.
Na7 Rb8 0-1

[Event "DEM U18w 2004"]
[Site "Willingen GER"]
[Date "2004.06.01"]
[Round "5"]
[White "Auburger, Kirstin"]
[Black "Katte, Isabel"]
[Result "1/2-1/2"]
[Termination "normal"]
[Board "7"]
[WhiteElo "1609"]
[BlackElo "1944"]
[PlyCount "60"]
[WhiteFideId "24620726"]
[BlackFideId "24612987"]
[EventCountry "GER"]
[EventRounds "9"]
[EventType "swiss"]
[EventDate "2004.05.29"]

1. d4 Nf6 2. c4 g6 3. Nc3 d5 4. cxd5 Nxd5 5. e4 Nxc3 6. bxc3 Bg7 7. Bc4 c5 8.
Ne2 O-O 9. O-O Nd7 10. Be3 Nb6 11. Bb3 cxd4 12. cxd4 Bd7 13. Qd2 Bb5 14. Rfd1
Qd7 15. Rac1 Rac8 16. e5 Nc4 17. Bxc4 Bxc4 18. Nc3 Rfd8 19. f4 Bd5 20. Nxd5
Qxd5 21. Rc5 Rxc5 22. dxc5 Qxd2 23. Rxd2 Rxd2 24. Bxd2 f6 25. exf6 Bxf6 26. Be3
a6 27. Kf2 Kf7 28. Kf3 e5 29. fxe5 Bxe5 30. h3 Ke6 1/2-1/2

[Event "DEM U18w 2004"]
[Site "Willingen GER"]
[Date "2004.06.01"]
[Round "5"]
[White "Kaplun, Viktoria"]
[Black "Brethauer, Sarah"]
[Result "1/2-1/2"]
[Termination "normal"]
[Board "9"]
[WhiteElo "1671"]
[BlackElo "1887"]
[PlyCount "75"]
[WhiteFideId "24621676"]
[BlackFideId "24605220"]
[EventCountry "GER"]
[EventRounds "9"]
[EventType "swiss"]
[EventDate "2004.05.29"]

1. d4 d5 2. c4 e6 3. Nc3 Nf6 4. cxd5 exd5 5. Bg5 Nbd7 6. e3 c6 7. Bd3 Be7 8.
Qc2 O-O 9. Nge2 Re8 10. O-O Nf8 11. f3 Ng6 12. e4 dxe4 13. fxe4 Ng4 14. Bxe7
Qxe7 15. Qd2 Qh4 16. h3 Nf6 17. Nf4 Rd8 18. Nxg6 hxg6 19. Qe3 Be6 20. Rad1 Qh5
21. Be2 Qa5 22. Bf3 Rac8 23. g4 Qb6 24. Rd2 Re8 25. Qf4 Qc7 26. Qxc7 Rxc7 27.
Rc1 Rce7 28. Re1 Bd5 29. Nxd5 Nxd5 30. Rc1 Nf4 31. Kh2 g5 32. Kg3 Rd7 33. a4
Red8 34. Rcd1 a6 35. b4 Ng6 36. Bg2 Nf4 37. Bf1 Re8 38. e5 1/2-1/2

[Event "DEM U18w 2004"]
[Site "Willingen GER"]
[Date "2004.06.01"]
[Round "5"]
[White "Schulze, Dorothee"]
[Black "Beltz, Carmen"]
[Result "0-1"]
[Termination "normal"]
[Board "10"]
[WhiteElo "1667"]
[BlackElo "1763"]
[PlyCount "64"]
[WhiteFideId "24609498"]
[BlackFideId "24608726"]
[EventCountry "GER"]
[EventRounds "9"]
[EventType "swiss"]
[EventDate "2004.05.29"]

1. e4 c5 2. Nf3 d6 3. d4 cxd4 4. Nxd4 Nf6 5. Nc3 g6 6. Be3 Bg7 7. f3 Nc6 8. Qd2
O-O 9. O-O-O Nxd4 10. Bxd4 Be6 11. Kb1 Qc7 12. g4 Rfc8 13. g5 Nh5 14. Nb5 Qd7
15. Bxg7 Nxg7 16. h4 Rc5 17. Nd4 Rac8 18. f4 Bg4 19. Be2 Bxe2 20. Qxe2 Nh5 21.
Qf3 Qa4 22. b3 Qb4 23. Rh2 Rc3 24. Qg4 Ng3 25. h5 Nxh5 26. Rxh5 gxh5 27. Qxh5
Re3 28. Nf5 Rxc2 29. Rh1 Rxb3+ 30. Kxc2 Qc3+ 31. Kd1 Rb1+ 32. Ke2 Rb2+ 0-1

[Event "DEM U18w 2004"]
[Site "Willingen GER"]
[Date "2004.06.01"]
[Round "5"]
[White "Wolowski, Laura"]
[Black "Salden, Franziska"]
[Result "1/2-1/2"]
[Termination "normal"]
[Board "11"]
[WhiteElo "1777"]
[BlackElo "1637"]
[PlyCount "58"]
[BlackFideId "24601268"]
[EventCountry "GER"]
[EventRounds "9"]
[EventType "swiss"]
[EventDate "2004.05.29"]

1. e4 e6 2. d4 d5 3. exd5 exd5 4. Nf3 Nf6 5. Bg5 Be7 6. Bd3 Bg4 7. O-O O-O 8.
Nbd2 Nbd7 9. c3 c6 10. Qc2 h6 11. Bh4 Re8 12. Rfe1 Nh5 13. Bxe7 Rxe7 14. h3
Bxf3 15. Nxf3 Nf4 16. Bf1 Nf6 17. g3 Ne6 18. Bd3 Qc7 19. Re2 Rae8 20. Rae1 Qa5
21. a3 Qc7 22. Bf5 Qd6 23. Ne5 Ng5 24. Kg2 Nge4 25. h4 Qc7 26. f3 Nd6 27. Bh3
Nh5 28. Bg4 Nf6 29. Bh3 Nh5 1/2-1/2

[Event "DEM U18w 2004"]
[Site "Willingen GER"]
[Date "2004.06.01"]
[Round "5"]
[White "Ströhle, Kathrin"]
[Black "Hauser, Anna"]
[Result "0-1"]
[Termination "normal"]
[Board "12"]
[WhiteElo "1691"]
[BlackElo "1454"]
[PlyCount "76"]
[WhiteFideId "4633881"]
[EventCountry "GER"]
[EventRounds "9"]
[EventType "swiss"]
[EventDate "2004.05.29"]

1. e4 d5 2. exd5 Qxd5 3. Nc3 Qa5 4. d4 Nf6 5. Nf3 Bf5 6. Ne5 c6 7. Bc4 e6 8.
Bd2 Qc7 9. a3 Nbd7 10. Nxd7 Qxd7 11. Be3 Bd6 12. h3 O-O 13. Qd2 Rfd8 14. O-O-O
b5 15. Bd3 Bxd3 16. Qxd3 a5 17. Ne2 b4 18. a4 Qc7 19. Qc4 Rac8 20. g4 Nd5 21.
Rd2 Nb6 22. Qb3 c5 23. dxc5 Bxc5 24. Rhd1 Rxd2 25. Rxd2 Bxe3 26. fxe3 Qc5 27.
Nd4 e5 28. Nf5 g6 29. Nh6+ Kg7 30. Nxf7 Nc4 31. Rd7 Kf6 32. Nh6 Rh8 33. g5+ Ke6
34. Rd3 Rf8 35. Rd1 Rf3 36. Qd3 Qc6 37. b3 Nxe3 38. Qd8 Qxc2# 0-1

[Event "DEM U18w 2004"]
[Site "Willingen GER"]
[Date "2004.06.01"]
[Round "5"]
[White "Ratner, Syuzanna"]
[Black "Buncke, Johanna"]
[Result "1/2-1/2"]
[Termination "normal"]
[Board "13"]
[WhiteElo "1495"]
[BlackElo "1544"]
[PlyCount "73"]
[EventCountry "GER"]
[EventRounds "9"]
[EventType "swiss"]
[EventDate "2004.05.29"]

1. e4 c5 2. Nf3 Nc6 3. d4 cxd4 4. Nxd4 Nf6 5. Nc3 e6 6. Be3 Bb4 7. f3 a6 8. Bd3
Qa5 9. Nde2 d5 10. O-O Bxc3 11. bxc3 dxe4 12. fxe4 Ng4 13. Qd2 Nxe3 14. Qxe3
Ne5 15. Qg3 O-O 16. Rf2 Ng6 17. Raf1 Qc5 18. Nf4 Nxf4 19. Qxf4 e5 20. Qd2 Be6
21. c4 Bxc4 22. Qc3 Rac8 23. Bxc4 Qxc4 24. Qxe5 Qxa2 25. Qe7 Rxc2 26. Qxb7 Rxf2
27. Rxf2 Qa1+ 28. Rf1 Qd4+ 29. Kh1 a5 30. Qd5 Qc3 31. e5 Qc7 32. e6 Qe7 33.
exf7+ Rxf7 34. h3 a4 35. Rxf7 Qxf7 36. Qa8+ Qf8 37. Qxa4 1/2-1/2

[Event "DEM U18w 2004"]
[Site "Willingen GER"]
[Date "2004.06.01"]
[Round "5"]
[White "Schmidt, Jade"]
[Black "Wetterling, Maria"]
[Result "0-1"]
[Termination "normal"]
[Board "14"]
[WhiteElo "1699"]
[BlackElo "1405"]
[PlyCount "86"]
[BlackFideId "24624292"]
[EventCountry "GER"]
[EventRounds "9"]
[EventType "swiss"]
[EventDate "2004.05.29"]

1. d4 d5 2. c4 e6 3. Nc3 c5 4. cxd5 exd5 5. Nf3 Nf6 6. g3 Nc6 7. Bg2 Be6 8. O-O
c4 9. Bg5 h6 10. Bxf6 Qxf6 11. Qa4 Bd6 12. Rfd1 O-O 13. e4 Bg4 14. Nxd5 Qe6 15.
Qxc4 Qxe4 16. Ne5 Nxe5 17. Qb5 Nf3+ 18. Kh1 Qg6 19. Rd3 Qh5 20. h4 b6 21. Qb3
Ng5 22. Ne3 Be2 23. Rc3 Rad8 24. Nf5 Ne6 25. Nxd6 Rxd6 26. Qa3 Rxd4 27. Qxa7 b5
28. Kg1 Rd2 29. b3 Rfd8 30. a4 bxa4 31. bxa4 Rd1+ 32. Rxd1 Rxd1+ 33. Kh2 g5 34.
Qa8+ Kg7 35. Qe4 gxh4 36. gxh4 Rd4 37. Rg3+ Bg4 38. Qe3 Qxh4+ 39. Kg1 Rd1+ 40.
Bf1 Ng5 41. Qc3+ Kg6 42. Qc2+ Kh5 43. Qc5 Be2 0-1

[Event "DEM U18w 2004"]
[Site "Willingen GER"]
[Date "2004.06.02"]
[Round "6"]
[White "Schöne, Maria"]
[Black "Schulz, Stefanie"]
[Result "0-1"]
[Termination "normal"]
[Board "1"]
[WhiteElo "2037"]
[BlackElo "2079"]
[PlyCount "66"]
[WhiteFideId "4681410"]
[BlackFideId "4693060"]
[EventCountry "GER"]
[EventRounds "9"]
[EventType "swiss"]
[EventDate "2004.05.29"]

1. e4 c6 2. d4 d5 3. e5 Bf5 4. Nf3 e6 5. Be2 Nd7 6. O-O Ne7 7. c3 c5 8. Na3 a6
9. Nc2 Nc6 10. Bf4 Qb6 11. dxc5 Bxc5 12. Qc1 Bg6 13. Bg3 O-O 14. Rd1 Qc7 15.
Ncd4 Ncxe5 16. Nxe5 Nxe5 17. Qe3 Bd6 18. f4 Nc6 19. f5 Nxd4 20. fxg6 Nxe2+ 21.
Qxe2 hxg6 22. Bxd6 Qxd6 23. Kh1 b5 24. Qg4 Rac8 25. Rd3 Rc4 26. Qg5 Qf4 27. Qe7
Rc7 28. Qa3 Rc6 29. Rh3 Qd6 30. Qa5 Rfc8 31. a4 b4 32. Rc1 bxc3 33. bxc3 Qc5
0-1

[Event "DEM U18w 2004"]
[Site "Willingen GER"]
[Date "2004.06.02"]
[Round "6"]
[White "Dietzen, Corinna"]
[Black "Beltz, Franziska"]
[Result "1-0"]
[Termination "normal"]
[Board "2"]
[WhiteElo "1775"]
[BlackElo "2028"]
[PlyCount "77"]
[WhiteFideId "24621021"]
[BlackFideId "4681401"]
[EventCountry "GER"]
[EventRounds "9"]
[EventType "swiss"]
[EventDate "2004.05.29"]

1. c4 c5 2. Nc3 Nc6 3. Nf3 g6 4. g3 Bg7 5. Bg2 e6 6. e3 Nge7 7. O-O d5 8. cxd5
exd5 9. d4 c4 10. b3 Bf5 11. a3 O-O 12. Nd2 Bd3 13. Re1 Qa5 14. Bb2 Rfd8 15.
bxc4 dxc4 16. Bf1 Bxf1 17. Kxf1 Qa6 18. Qa4 Na5 19. Rab1 b6 20. Nb5 Qc8 21.
Rec1 a6 22. Nc3 Qc7 23. Nce4 b5 24. Qc2 Qd7 25. Nc5 Qh3+ 26. Kg1 Nd5 27. Qe4
Ra7 28. Ba1 Re7 29. Qg2 Qc8 30. a4 Nc7 31. Bc3 Nb3 32. Ndxb3 cxb3 33. Rxb3 Ne6
34. Ba5 Rd6 35. axb5 axb5 36. Rxb5 Rc6 37. Rb8 Qxb8 38. Qxc6 Ra7 39. Nxe6 1-0

[Event "DEM U18w 2004"]
[Site "Willingen GER"]
[Date "2004.06.02"]
[Round "6"]
[White "Romakin, Helene"]
[Black "Frey, Claudia"]
[Result "1-0"]
[Termination "normal"]
[Board "3"]
[WhiteElo "2061"]
[BlackElo "1874"]
[PlyCount "69"]
[WhiteFideId "24605964"]
[BlackFideId "24614513"]
[EventCountry "GER"]
[EventRounds "9"]
[EventType "swiss"]
[EventDate "2004.05.29"]

1. c4 e6 2. Nf3 d5 3. b3 c6 4. g3 f5 5. Bg2 Nf6 6. Bb2 Bd6 7. O-O O-O 8. d3 Qe7
9. Nc3 e5 10. cxd5 cxd5 11. Nb5 Nc6 12. Nxd6 Qxd6 13. Rc1 Kh8 14. Qc2 Be6 15.
Qb1 Rac8 16. Qa1 d4 17. Nd2 Bd5 18. Nc4 Qd7 19. a4 Bxg2 20. Kxg2 Nd5 21. a5 f4
22. f3 h5 23. Qa4 a6 24. Rh1 Rce8 25. Rcg1 Rf6 26. Kf2 Rg6 27. Nd2 Ne3 28. Ne4
Rf8 29. Bc1 Qd5 30. Bd2 Ne7 31. Bb4 Rf7 32. Qe8+ Ng8 33. gxf4 Rxg1 34. Rxg1 Kh7
35. Ng5+ 1-0

[Event "DEM U18w 2004"]
[Site "Willingen GER"]
[Date "2004.06.02"]
[Round "6"]
[White "Janotta, Steffi"]
[Black "Wolk, Friederike"]
[Result "0-1"]
[Termination "normal"]
[Board "4"]
[WhiteElo "1929"]
[BlackElo "1992"]
[PlyCount "104"]
[WhiteFideId "4696344"]
[BlackFideId "4693400"]
[EventCountry "GER"]
[EventRounds "9"]
[EventType "swiss"]
[EventDate "2004.05.29"]

1. e4 c5 2. Nf3 Nc6 3. d4 cxd4 4. Nxd4 g6 5. c4 Bg7 6. Be3 d6 7. Nc3 Nf6 8. Be2
O-O 9. O-O Bd7 10. f3 Nxd4 11. Bxd4 Bc6 12. Rc1 a5 13. Qd2 a4 14. Rfd1 Nd7 15.
Bxg7 Kxg7 16. Nd5 Re8 17. Qd4+ Kg8 18. Rc3 Qa5 19. f4 Bxd5 20. cxd5 Rec8 21.
Rdc1 Rxc3 22. Rxc3 Nc5 23. f5 Nd7 24. g4 Ne5 25. Qe3 Qd8 26. Qc1 Qb6+ 27. Kf1
Qd4 28. Qh6 Nd7 29. g5 Qxe4 30. Rf3 Qb1+ 31. Kf2 Qxb2 32. Qh4 gxf5 33. Rxf5 Qg7
34. Qb4 Nc5 35. Kg2 Qg6 36. Qf4 Rf8 37. h4 Qg7 38. h5 e6 39. Rf6 e5 40. Qf5 Rd8
41. h6 Qf8 42. Bh5 Rd7 43. g6 hxg6 44. h7+ Kxh7 45. Bxg6+ Kg8 46. Bh7+ Kh8 47.
Rg6 fxg6 48. Qxf8+ Kxh7 49. Qe8 Kg7 50. Kh3 Rf7 51. Kg4 Ne4 52. Qxa4 Rf4+ 0-1

[Event "DEM U18w 2004"]
[Site "Willingen GER"]
[Date "2004.06.02"]
[Round "6"]
[White "Helmbold, Irene"]
[Black "Zhang, Fan"]
[Result "1/2-1/2"]
[Termination "normal"]
[Board "5"]
[WhiteElo "1990"]
[BlackElo "1860"]
[PlyCount "99"]
[WhiteFideId "24600873"]
[BlackFideId "24609730"]
[EventCountry "GER"]
[EventRounds "9"]
[EventType "swiss"]
[EventDate "2004.05.29"]

1. e4 e6 2. d4 d5 3. Nd2 c5 4. exd5 Qxd5 5. Ngf3 cxd4 6. Bc4 Qd6 7. O-O Nf6 8.
Nb3 Nc6 9. Nbxd4 Nxd4 10. Nxd4 a6 11. c3 Qc7 12. Qe2 Bd6 13. h3 O-O 14. Bg5 Ne4
15. Be3 b5 16. Bd3 Bb7 17. Rad1 Bh2+ 18. Kh1 Be5 19. Nf3 Bf6 20. Bd4 Bxd4 21.
Nxd4 Qf4 22. Nf3 Nc5 23. Qe5 Nxd3 24. Rxd3 Qc4 25. Rfd1 Qxa2 26. R1d2 Qc4 27.
Qe3 Qe4 28. Qb6 Qc6 29. Qe3 a5 30. Rd7 Qc8 31. Ne5 Bd5 32. Qg5 Bc6 33. Nxc6
Qxc6 34. R2d4 h6 35. Qd2 a4 36. Rg4 Kh8 37. Qd4 e5 38. Qxe5 Qf6 39. Qxf6 gxf6
40. Rd6 a3 41. bxa3 Rxa3 42. Rxf6 Kh7 43. Rh4 Rxc3 44. Rfxh6+ Kg7 45. Rh7+ Kf6
46. R4h6+ Ke7 47. Rb6 Rc1+ 48. Kh2 Rc2 49. Rb7+ Kf6 50. Rb6+ 1/2-1/2

[Event "DEM U18w 2004"]
[Site "Willingen GER"]
[Date "2004.06.02"]
[Round "6"]
[White "Reeves, Anna"]
[Black "Krege, Sandra"]
[Result "0-1"]
[Termination "normal"]
[Board "6"]
[WhiteElo "1685"]
[BlackElo "1907"]
[PlyCount "48"]
[BlackFideId "4680910"]
[EventCountry "GER"]
[EventRounds "9"]
[EventType "swiss"]
[EventDate "2004.05.29"]

1. e4 c5 2. Nf3 Nc6 3. d4 cxd4 4. Nxd4 Nf6 5. Nc3 e5 6. Nxc6 bxc6 7. Bg5 Be7 8.
Bc4 O-O 9. O-O Qc7 10. Qd3 Rb8 11. Bb3 d6 12. Rfd1 Rd8 13. Rd2 Ne8 14. Bxe7
Qxe7 15. Rad1 g6 16. Qc4 Qc7 17. Ba4 Rb6 18. Bb3 Ba6 19. Qa4 Rdb8 20. Qa3 Bc8
21. Na4 Rb4 22. c4 Qa5 23. Rc2 Be6 24. Rd3 Rxb3 0-1

[Event "DEM U18w 2004"]
[Site "Willingen GER"]
[Date "2004.06.02"]
[Round "6"]
[White "Katte, Isabel"]
[Black "Kaplun, Viktoria"]
[Result "1-0"]
[Termination "normal"]
[Board "7"]
[WhiteElo "1944"]
[BlackElo "1671"]
[PlyCount "69"]
[WhiteFideId "24612987"]
[BlackFideId "24621676"]
[EventCountry "GER"]
[EventRounds "9"]
[EventType "swiss"]
[EventDate "2004.05.29"]

1. e4 c5 2. Nc3 e5 3. Bc4 d6 4. d3 Be7 5. f4 exf4 6. Bxf4 Nf6 7. Nf3 h6 8. e5
dxe5 9. Nxe5 O-O 10. Qf3 Nbd7 11. Ng6 Re8 12. O-O Nf8 13. Nxe7+ Rxe7 14. Bxh6
Qd4+ 15. Kh1 Bg4 16. Qf2 N8d7 17. Bg5 Qxf2 18. Rxf2 Rae8 19. h3 Bh5 20. Bb5
Re1+ 21. Rf1 Rxa1 22. Rxa1 Re5 23. Bd2 a6 24. Ba4 b5 25. Bb3 b4 26. Na4 Re2 27.
Bg5 Ne8 28. Kg1 Kf8 29. Kf1 Re5 30. Bd8 f6 31. Re1 Rxe1+ 32. Kxe1 Bf7 33. Nb6
Ne5 34. Nd5 Nd6 35. Be7+ 1-0

[Event "DEM U18w 2004"]
[Site "Willingen GER"]
[Date "2004.06.02"]
[Round "6"]
[White "Beltz, Carmen"]
[Black "Auburger, Kirstin"]
[Result "1-0"]
[Termination "normal"]
[Board "8"]
[WhiteElo "1763"]
[BlackElo "1609"]
[PlyCount "69"]
[WhiteFideId "24608726"]
[BlackFideId "24620726"]
[EventCountry "GER"]
[EventRounds "9"]
[EventType "swiss"]
[EventDate "2004.05.29"]

1. e4 d5 2. exd5 Qxd5 3. Nc3 Qa5 4. d4 c6 5. Bc4 Nf6 6. Nf3 Bf5 7. Bd2 e6 8.
Qe2 Bb4 9. O-O-O Nbd7 10. a3 Bxc3 11. Bxc3 Qc7 12. Ne5 b5 13. Bb3 Be4 14. f4
O-O 15. Rhf1 Bd5 16. Bxd5 Nxd5 17. Bd2 a5 18. Rf3 Rfb8 19. g4 N7b6 20. f5 exf5
21. gxf5 b4 22. Rg1 f6 23. Nc4 Re8 24. Qf1 Qxh2 25. Nxb6 Nxb6 26. Rh1 Qd6 27.
Qh3 h6 28. Bxh6 bxa3 29. Rxa3 Nc4 30. Rg3 Ra7 31. Rxg7+ Rxg7 32. Bxg7 Qf4+ 33.
Kb1 Qxd4 34. Qh7+ Kf7 35. Bh6# 1-0

[Event "DEM U18w 2004"]
[Site "Willingen GER"]
[Date "2004.06.02"]
[Round "6"]
[White "Zabarska, Natalia"]
[Black "Hauser, Anna"]
[Result "1-0"]
[Termination "normal"]
[Board "10"]
[WhiteElo "1709"]
[BlackElo "1454"]
[PlyCount "59"]
[WhiteFideId "24608009"]
[EventCountry "GER"]
[EventRounds "9"]
[EventType "swiss"]
[EventDate "2004.05.29"]

1. e4 d5 2. Nc3 Nf6 3. exd5 Nxd5 4. Bc4 c6 5. Qf3 e6 6. Nge2 Be7 7. O-O O-O 8.
d4 b6 9. Ne4 Nd7 10. c3 Bb7 11. Qg3 Qb8 12. Nf4 N7f6 13. Bd3 Nxe4 14. Bxe4 Bd6
15. Qh4 f5 16. Nxd5 exd5 17. Bd3 a5 18. Bd2 Ba6 19. Bxa6 Rxa6 20. Rfe1 Ra7 21.
Bg5 h6 22. Be7 g5 23. Bxd6 Qxd6 24. Qh5 Raf7 25. Re5 f4 26. Rae1 f3 27. Re6 Qf4
28. Rxh6 g4 29. Rh8+ Kg7 30. Rh7+ 1-0